Elementary concepts of topology
Gorde:
| Egile nagusia: | |
|---|---|
| Formatua: | Liburua |
| Hizkuntza: | ingelesa |
| Argitaratua: |
Nueva York
Dover
1961
|
| Edizioa: | 1a. ed |
| Gaiak: | |
| Etiketak: |
Etiketa erantsi
Etiketarik gabe, Izan zaitez lehena erregistro honi etiketa jartzen!
|
MARC
| LEADER | 00000cam a2200000 a 4500 | ||
|---|---|---|---|
| 001 | UCH3109 | ||
| 003 | CL-VaPUC | ||
| 008 | 090715e19610000US |||||||||||||||||eng|d | ||
| 020 | |a 048660747X | ||
| 082 | 0 | 4 | |a 514 |b ALE |2 21 |
| 100 | 0 | |a Alexandroff, Pavel Sergeevich |e author |9 538266 | |
| 245 | 1 | 0 | |a Elementary concepts of topology |
| 250 | |a 1a. ed | ||
| 300 | |a 57 p | ||
| 942 | |c BK | ||
| 945 | |d 20090715 00:00:00 |a rbrito | ||
| 260 | |a Nueva York |b Dover |c 1961 | ||
| 650 | 0 | |a Topología |9 260092 | |
| 583 | |a last modification |c 20170316 09:24:09 |k Rodrigo Vera | ||
| 999 | |c 334747 |d 334745 | ||
| 952 | |0 0 |1 0 |4 0 |6 514_000000000000000_ALE_1961 |7 0 |8 A |9 423895 |a BIBCUR |b BIBCUR |d 2019-11-22 |i 4543343 |l 1 |o 514 ALE 1961 |p 4543343 |r 2025-04-22 |s 2024-11-07 |w 2019-11-22 |y BK |k FIS | ||
| 952 | |0 0 |1 0 |3 erb |4 0 |6 514_000000000000000_ALE_1961 |7 0 |8 A |9 423896 |a BIBMAT |b BIBMAT |i 5367123 |o 514 ALE 1961 |p 5367123 |r 2025-01-07 |w 2019-11-22 |y BK |z Catalogado en:20170317 |k MAT | ||